1972 1993 1060 1871 1690 1291 1093 1322 1495 1984 1094 1852 1035 1035 1054 1365 1681 1446 1982 1408 1916 1413 1438 1015 1653 1887 1965 1630 1224 1517 1453 1305 1241 1875 1068 1895 1983 1992 1043 1353 1006 1443 1978 1972 1739 1480 1371 1325 1537 1836 1483 1588 1037 1886 1588 1777 1477 1566 1293 1656 1025 1224 1922 1009 1751 1063 1575 1699 1232 1693 1823 1414 1690 1754 1517 1016 1545 1940 1792 1926 1794 1776 1641 1981 1058 1694 1143 1180 1088 1817 1342 1147 1074 1354 1036 1407 1268 1198 1658 BCNSPRNW ULIB Ver.6.0+V

เปลี่ยนเป็นภาษาไทย

Change to English
 แสดงรายละเอียดบรรณานุกรม
  กลับหน้าหลัก

Brief Record : Get Marc (ISO 2709) : E-mail record : QR code < ปิดหน้าต่าง
LEADER : 00000nam 2200000uu 4500
001    13399114234
003     ULIB
008    120305s2553||||th 000 0 tha d
020    ^a9786161102326
060 04 ^aWY100^bก469 2553
110 1  ^aกระทรวงสาธารณสุข.^bสภาการพยาบาล
245 00 ^aการปฏิบัติการพยาบาลขั้นสูง :^bบูรณาการสู่การปฎิบัติ /^cสภาการพยาบาล
250    ^aพิมพ์ครั้งที่ 1
260    ^aกรุงเทพฯ :^bสภาการพยาบาล,^c2553
300    ^a300 หน้า ;^c27 ซม.
504    ^aมีดรรชนี
650  4 ^aการพยาบาล
650  4 ^aการพยาบาล, การบริการ
650  4 ^aการพยาบาล, การปฏิบัติงาน
650  4 ^aการพัฒนาคุณภาพ^xการพยาบาล
945    ^p300^l0^i18907
995    ^aกัณชพร
999 ^a ใช้งานได้ทุกระบบ
รายการนี้ยังไม่มีแท็ก
คุณยังไม่ได้ล็อกอิน คุณสามารถมีกิจกรรมร่วมกับเว็บไซต์ได้ แต่ต้องล็อกอินก่อน ::
  ล็อกอิน

รายการสื่อสารสนเทศ

ลำดับที่ ประเภท เลขเรียก/บาร์โค้ด สถานที่ สถานะ
1. วิทยาศาสตร์การแพทย์ และสุขภาพ
วิทยาศาสตร์การแพทย์ และสุขภาพ
WY100 ก469 2553  
  Barcode: 18907
ห้องสมุดวิทยาเขตนครสวรรค์
►ส่วนจัดเก็บหนังสือเก่า นว.
บนชั้น
  ขอยืม

รายการใกล้เคียง
    หัวเรื่อง [การพยาบาล]
    หัวเรื่อง [การพยาบาล, การบริการ]
    หัวเรื่อง [การพยาบาล, การปฏิบัติงาน]

BibComment


ยังไม่เคยถูกคอมเมนท์

คอมเมนท์ทรัพยากรรายการนี้
  คอมเมนท์: การปฏิบัติการพยา..


 Copyright 2026. Bcnsprnw @Library